000
00344nas a2200157 a 4500
001
77337
003
152774
005
20201118111437.0
008
||||||n9999 ||| || ||
245
0
_a
Time - Vol.155 No.26
260
_a
Estados Unidos :
562
_e
1
773
_0
21966
_a
Time
942
_c
SISS
999
_c
77337
_d
77337